J.M. Coetzee : (Record no. 87630)

MARC details
000 -LEADER
fixed length control field 00617nam a22001937a 4500
005 - DATE AND TIME OF LATEST TRANSACTION
control field 20230228152740.0
010 ## - LCCN (DPL NO)
LC control number ENG-110612 ENG-136271
020 ## - INTERNATIONAL STANDARD BOOK NUMBER
International Standard Book Number 9789350532652
Terms of availability 900.00
035 ## - SYSTEM CONTROL NUMBER
System control number EN-94144 EN-119803
037 ## - SOURCE OF ACQUISITION
Source of stock number/acquisition DBAD/PUB
082 ## - DEWEY DECIMAL CLASSIFICATION NUMBER
Classification number 883.08
100 ## - MAIN ENTRY--PERSONAL NAME
Personal name Paul, Joginder
245 ## - TITLE STATEMENT
Title J.M. Coetzee :
Statement of responsibility, etc by Joginder Paul
Remainder of title a critical study /
260 ## - PUBLICATION, DISTRIBUTION, ETC. (IMPRINT)
Place of publication, distribution, etc New Delhi
Name of publisher, distributor, etc Cyber Tech Publications
Date of publication, distribution, etc 2013
270 ## - ADDRESS
City New Delhi
Address 4264/3, Ansari Road, Daryaganj
Postal code 110002
300 ## - PHYSICAL DESCRIPTION
Extent v,264p.
Dimensions 23cm(Hb)
500 ## - GENERAL NOTE
General note Includes bibliographical references
942 ## - ADDED ENTRY ELEMENTS (KOHA)
Source of classification or shelving scheme Dewey Decimal Classification
Item type English Books
Call number suffix PAU
Classification part 883.08
Holdings
Withdrawn status Lost status Not for loan Collection code Home library Current library Date acquired Source of acquisition Cost, normal purchase price Full call number Barcode Copy number Cost, replacement price Koha item type
    Not For Loan Non-fiction D.B.Act.Division D.B.Act.Division 06/08/2014 DBAD/PUB 900.00 883.08 PAU EN-94144 1 900.00 English Books
      Non-fiction Katevara Katevara 28/02/2023 DBAD/PUB 900.00 883.08 PAU EN-119803   900.00 English Books

© Delhi Public Library
Hit Counter
free hit counter